On the principles of English university education /
This book is about on the Principles of the Subjects of University Teaching; of Direct and Indirect Teaching; and of Discipline.
保存先:
| 第一著者: | |
|---|---|
| フォーマット: | 図書 |
| 言語: | English |
| 出版事項: |
London :
Routledge/Thoemmes Press,
1994.
|
| 主題: | |
| タグ: |
タグ追加
タグなし, このレコードへの初めてのタグを付けませんか!
|
| Thư viện lưu trữ: | Mạng thư viện Đại học Đà Nẵng |
|---|
| LEADER | 01106cam a2200361 i 4500 | ||
|---|---|---|---|
| 001 | 000047472 | ||
| 003 | 7153 | ||
| 005 | 20030311110609.0 | ||
| 008 | 010326|1994 vm 000 eng | ||
| 020 | |a 0415092574 | ||
| 040 | |a IRC |c IRC |d IRC | ||
| 041 | 0 | |a eng | |
| 082 | 1 | 4 | |a 378.41 |b WH-W |
| 100 | 1 | |a Whewell, William, |d 1794-1866. | |
| 245 | 0 | 0 | |a On the principles of English university education / |c William Whewell. |
| 260 | |a London : |b Routledge/Thoemmes Press, |c 1994. | ||
| 300 | |a iv, 186 p. ; |c 21.5cm. | ||
| 520 | 3 | |a This book is about on the Principles of the Subjects of University Teaching; of Direct and Indirect Teaching; and of Discipline. | |
| 630 | 0 | 4 | |a Education. |
| 630 | 0 | 4 | |a Higher education. |
| 630 | 0 | 4 | |a Universities and colleges. |
| 650 | 0 | 4 | |a Universities and colleges |z Great Britain. |
| 650 | 0 | 4 | |a Education, Higher |z Great Britain. |
| OWN | |a DUT | ||
| 999 | |a From the UDN01 | ||
| TYP | |a Monograph | ||
| TYP | |a Printed language | ||
| 980 | |a Mạng thư viện Đại học Đà Nẵng | ||


